|
|
|
|
| LEADER |
00000cam a2200000 a 4500 |
| 001 |
UCE2579 |
| 003 |
CL-VaPUC |
| 008 |
140710e20030000us |||||||||||||||||eng|d |
| 020 |
|
|
|a 9780873352215
|
| 082 |
0 |
4 |
|a 622.7
|b BIS
|2 21
|
| 100 |
0 |
|
|a Bise, Christopher J
|e author
|9 575072
|
| 245 |
1 |
0 |
|a Mining engineering analysis
|
| 250 |
|
|
|a 2a. ed
|
| 300 |
|
|
|a 313 p
|
| 942 |
|
|
|c BK
|
| 945 |
|
|
|d 20140710 11:54:00
|a dcastane
|
| 260 |
|
|
|a Englewood Cliffs
|b SME
|c 2003
|
| 650 |
|
0 |
|a Industria minera
|9 260256
|
| 650 |
|
0 |
|a Tecnología minera
|9 359084
|
| 650 |
|
0 |
|a Proceso de datos
|9 259776
|
| 650 |
|
0 |
|a Análisis de costos
|9 315627
|
| 583 |
|
|
|a last modification
|c 20140710 11:54:00
|k Rodrigo Vera
|
| 999 |
|
|
|c 356169
|d 356167
|
| 952 |
|
|
|0 0
|1 0
|3 erb
|4 0
|6 622_700000000000000_BIS_2003
|7 0
|8 A
|9 463340
|a BIBING
|b BIBING
|i 5089581
|o 622.7 BIS 2003
|p 5089581
|r 2025-01-20
|w 2019-11-23
|y BK
|z Catalogado en:20140710
|k EIQ
|